Ψεύτικες ή Πραγματικές Σημαίες #4 - Ξαφνικός Θάνατος - Statistics

General Stats
  • This quiz has been taken 98 times
  • The average score is 4 of 11
Answers on the Grid
Answers color-coded by a green-red scale on the quiz's grid according to % correct below.
Trulli
Trulli
Trulli
Trulli
Trulli
Trulli
Trulli
Trulli
Trulli
Trulli
Trulli
Trulli
Trulli
Trulli
Trulli
Trulli
Trulli
Trulli
Trulli
Trulli
Trulli
Trulli
 
Answer Stats
Answer % Correct
Trulli
67%
Trulli
50%
Trulli
46%
Trulli
40%
Trulli
38%
Trulli
37%
Trulli
25%
Trulli
25%
Trulli
21%
Trulli
15%
Trulli
10%
No matching quizzes found
Score Distribution
Percent of People with Each Score
Percentile by Number Answered
Your Score History
You have not taken this quiz